LEADER 03278nam1 22006493i 450 001 BVEE015435 005 20170908093201.0 100 $a20050223d1580 ||||0itac50 ba 101 | $alat 102 $afr 181 1$6z01$ai $bxxxe 182 1$6z01$an 200 1 $aSumma totius theologiae D. Thomae Aquinatis doctoris angelici ordinis fratrum praedicatorum. Cum commentariis D. Thomae de Vio, Caietani cardinalis Sancti Xisti. ... 210 $aLugduni$capud Ioannam Iacobi Iuntae F.$d1580$eLugduni$gexcudebat Nicolaus Guerin$h1580 215 $a6 v.$d2º 300 $aMarca di G. Giunta n.c. (cfr. Baudrier, Bibliographie lyonnaise, 06, 369, 3) sui front. dei vol.1-4 e degli Indices 300 $aCors. ; rom 300 $aIniziali xil 300 $aVar.B: Reca la data 1581 300 $aVar. C: Reca la data 1587, Cfr.: Baudrier, H.L. Bib. lyonnaise, v. 6., p. 407. 312 $aVol.2: Summa theologiae. Prima secundae.$9BVEE007785 312 $aVol.4: Summa theologiae. Tertia pars.$9BVEE008414 312 $aVol.3: Summa Theologiae. Secunda secundae.$9BVEE009321 314 $aEd.$9BVEV019590 314 $aTip.$9BVEV027188 463 1$1001BVEE015437$12000 $a2.1$v2 463 1$1001BVEE015438$12000 $a2.2$v3 463 1$1001BVEE015439$12000 $a3$v4 463 1$1001BVEE015444$12001 $a˜[4]: œOpuscola omnia Thomae de Vio Caietani cardinalis tit. S. Xysti, in tres distincta tomos$v5 463 1$1001BVEE015453$12001 $a˜[5]: œSequuntur indices copiosissimi sex, quorum quinque generales sunt ad ipsam D. Thomae Summam, sextus ad Caietani commentaria pertinet. .. Adiecimus praterea duos minores indices, quorum prior ad eiusdem D. Thomae Quodlibetales Quaestiones, alter ad Opuscola Caietani spectat$v6 463 1$1001PUVE016844$12000 $a1$v1 500 10$aSumma theologiae. Prima secundae.$3BVEE007785$9CFIV008124$91479803 500 10$aSumma theologiae. Tertia pars.$3BVEE008414$9CFIV008124$91479804 500 10$aSumma Theologiae. Secunda secundae.$3BVEE009321$9CFIV008124$91479805 500 10$aSumma theologica$3RAV0211009$9CFIV008124$922794 700 0$aTommaso : d'Aquino$c $3CFIV008124$4070$0290144 702 1$aDe Vio$b, Tommaso$3SBLV131870 712 02$aGiunta, Jeanne$3BVEV019590$4650 712 02$aGuerin, Nicolas$3BVEV027188$4650 790 0$aTommaso d'Aquino$c $3CFIV009247$zTommaso : d'Aquino 790 0$aTommaso$c $3CFIV167024$zTommaso : d'Aquino 790 0$aTomasz z Akwinu$3IEIV108913$zTommaso : d'Aquino 790 0$aThomas : de Aquino$c $3MILV209402$zTommaso : d'Aquino 790 0$aThomas : Aquinas$c $3PUVV203880$zTommaso : d'Aquino 790 1$aVio$b, Thomas : de$3BVEV060622$zDe Vio, Tommaso 790 0$aCaietanus$3CFIV187721$zDe Vio, Tommaso 801 3$aIT$bIT-NA0079$c20050223 850 $aIT-NA0079$aIT-NA0070 912 $aBVEE015435 950 1$aBiblioteca Universitaria$b1 esemplare$cV. 1-6$d BUZ.D. 0248 967 $m2 977 $a BN$a BU 996 $aSumma Theologiae. Secunda secundae$91479805 996 $aSumma theologiae. Tertia pars$91479804 996 $aSumma theologiae. Prima secundae$91479803 996 $aSumma theologica$922794 997 $aUNISANNIO LEADER 01381nam--2200385---450- 001 990001086350203316 005 20090619103924.0 010 $a88-13-23676-X 035 $a000108635 035 $aUSA01000108635 035 $a(ALEPH)000108635USA01 035 $a000108635 100 $a20020626d2002----km-y0enga50------ba 101 0 $aita 102 $aIT 105 $ay|||z|||001yy 200 1 $aManuale pratico delle invalidità,$enullità, inesistenza, annullabilità, rescindibilità$enel diritto civile, fallimentare, amministrativo, fiscale e previdenziale; nel processo civile, tributario e amministrativo$fSandro Merz, Paolo Sguotti$ghanno collaborato: Elena Dall'Acqua ...[et al.] 210 $aPadova$cCedam$d2002 215 $aXLI, 1203 p.$d24 cm 606 0 $aNegozi giuridici$xValidità 606 0 $aContratti$xValidità 676 $a346.45022 700 1$aMERZ,$bSandro$0231107 702 1$aSGUOTTI,$bPaolo 801 0$aIT$bSalbc$cISBD 912 $a990001086350203316 951 $aXXV.1.H 72 (IG XVI 387)$b33653 G$cXXV.1.H 72 (IG XVI)$d00082682 959 $aBK 969 $aGIU 979 $aMARIA$b10$c20020626$lUSA01$h0952 979 $aCHIARA$b90$c20020926$lUSA01$h1035 979 $aPATRY$b90$c20040406$lUSA01$h1715 979 $aRSIAV2$b90$c20090619$lUSA01$h1039 996 $aManuale pratico delle invalidità$9978580 997 $aUNISA